logo

Bir Sreshtho Munshi Abdur Rouf Library
Jhenaidah Cadet College

এক্সপার্ট নেটওয়ার্কিং / (Record no. 10763)

MARC details
000 -LEADER
fixed length control field 00783nam a2200229 a 4500
001 - CONTROL NUMBER
JCCL Control Number 10763
003 - CONTROL NUMBER IDENTIFIER
JCCL marc code BD-JhCC
005 - DATE AND TIME OF LATEST TRANSACTION
control field 20220725134023.0
008 - FIXED-LENGTH DATA ELEMENTS--GENERAL INFORMATION
fixed length control field 180905s20182001bg a|||| |||| 000 0 ben d
020 ## - INTERNATIONAL STANDARD BOOK NUMBER
International Standard Book Number 9847027700947
035 ## - SYSTEM CONTROL NUMBER
system control number (BD-JhCC)10763
040 ## - CATALOGING SOURCE
Original cataloging agency BD-JhCC
Modifying agency BD-JhCC
041 ## - LANGUAGE CODE
Language code of Book ben
082 ## - DEWEY DECIMAL CLASSIFICATION NUMBER
Classification number 004.6
Author mark and Year SAR 2018
100 ## - MAIN ENTRY--PERSONAL NAME
Personal name সরকার, সুহৃদ
245 ## - TITLE STATEMENT
Title এক্সপার্ট নেটওয়ার্কিং /
Statement of responsibility, etc সুহৃদ সরকার,
260 ## - PUBLICATION, DISTRIBUTION, ETC. (IMPRINT)
Place of publication, distribution, etc ঢাকা :
Name of publisher, distributor, etc জ্ঞানকোষ প্রকাশনী,
Date of publication, distribution, etc ২০১৮
300 ## - PHYSICAL DESCRIPTION
Pagination ৭৫৪ পৃ. :
Other physical details চিত্রবলী;
Dimensions ২৫ সেমি.
650 ## - SUBJECT ADDED ENTRY--TOPICAL TERM
Topical term or geographic name as entry element Computer networks
650 ## - SUBJECT ADDED ENTRY--TOPICAL TERM
Topical term or geographic name as entry element Internetworking (Telecommunication)
942 ## - ADDED ENTRY ELEMENTS (KOHA)
Source of classification or shelving scheme Dewey Decimal Classification
Koha item type Books
Koha issues (borrowed), all copies 3
Holdings
Source of classification or shelving scheme Damaged status Not for loan Home library Current library Shelving location Date of accession Cost, normal purchase price Total Checkouts Full call number Barcode Date last seen Copy number Koha item type Date checked out
Dewey Decimal Classification     JCC Rouf Library JCC Rouf Library General Stacks 09/05/2018 450.00   004.6 SAR 2018 14582 09/05/2018 C-1 Books  
Dewey Decimal Classification     JCC Rouf Library JCC Rouf Library General Stacks 09/05/2018 450.00 2 004.6 SAR 2018 14581 08/10/2022 C-2 Books 07/25/2022

JCC Library | Contacts | JCC Home

Last Update on 23 September 2017
Copyright @ 2017-2020 JCC Rouf Library
Rouf Library, Jhenidah Cadet College (JCC), Bangladesh